Which country is it? #2 - Statistics

General Stats
  • This quiz has been taken 47 times
  • The average score is 13 of 15
Answer Stats
Question Country % Correct
Is north of Mexico and south of Canada United States of America
100%
Has the longest border with Argentina Chile
97%
Only country that borders Portugal Spain
95%
Between France and Spain Andorra
92%
Biggest country with no landborders Australia
92%
Bigger than China and USA but way less population Canada
92%
Capital of it is Bogota Colombia
92%
Has "ice" in its name Iceland
92%
Neutral and in Europe Switzerland
89%
Has the most populous city in the world as its capital Japan
84%
Borders Papua New Guinea Indonesia
82%
Directly south of Hungary Serbia
79%
Changed name in 2018 and in Africa Eswatini
74%
Was named Zaire until 1997 DR Congo
71%
Changed name in 2018 and in Europe North Macedonia
68%
No matching quizzes found
Score Distribution
Percent of People with Each Score
Percentile by Number Answered
Your Score History
You have not taken this quiz